Comtés de Suède - Carte Quiz - Statistiques

Statistiques générales
  • Ce quiz a été pris 36 fois
  • Le résultat moyen est 7 sur 21
Réponses sur la Carte
Les réponses sont colorées sur une échelle allant du rouge au vert en fonction du pourcentage des utilisateurs qui les ont devinées à leur premier essai. Vous pouvez retrouver ces pourcentages ci-dessous.
 
Statistiques - réponses
Réponse % Correct
Stockholm
95%
Gotland
74%
Uppsala
68%
Örebro
47%
Jönköping
42%
Norrbotten
42%
Scanie
42%
Västerbotten
32%
Blekinge
26%
Dalécarlie
26%
Kalmar
26%
Halland
21%
Jämtland
21%
Västernorrland
21%
Västra Götaland
21%
Gävleborg
16%
Östergötland
16%
Södermanland
16%
Värmland
16%
Kronoberg
11%
Västmanland
5%
Aucun quiz correspondant
Distribution des résultats
% des personnes avec chaque résultat
Percentile par nombre de réponses
Votre historique - résultats
Vous n’avez pas pris ce quiz